Countries That Legally Recognize Sign Language - Statistics

General Stats
  • This quiz has been taken 106 times
  • The average score is 28 of 40
Answers on the Map
Answers color-coded by a green-red scale on the quiz's map according to % correct below.
 
Answer Stats
Country % Correct
Germany
88%
Spain
86%
Brazil
84%
Norway
84%
Russia
84%
Sweden
84%
Finland
83%
Japan
83%
Denmark
81%
Poland
81%
Portugal
81%
Belgium
80%
New Zealand
79%
South Korea
79%
Chile
78%
Austria
76%
Colombia
74%
Estonia
74%
Latvia
74%
Mexico
74%
Hungary
73%
Lithuania
73%
Iceland
72%
Slovakia
72%
South Africa
72%
Turkey
71%
Slovenia
70%
Uruguay
70%
Romania
69%
Venezuela
66%
Ecuador
64%
Serbia
60%
Malta
56%
Cyprus
50%
North Macedonia
50%
Zimbabwe
47%
Kenya
44%
Papua New Guinea
44%
Uganda
41%
Botswana
37%
No matching quizzes found
Score Distribution
Percent of People with Each Score
Percentile by Number Answered
Your Score History
You have not taken this quiz